Library of the University of Algiers 3
Ibrahim Sultan Cheibout
شعار جامعة الجزائر 3
مكتبة جامعة الجزائر 3
إبراهيم سلطان شيبوط

الرياضيات في الاقتصاد والتجارة والعلوم الادارية / (رقم التسجيلة. 44601)

تفاصيل مارك
000 -LEADER
fixed length control field 01987nam a2200253Ia 4500
003 - CONTROL NUMBER IDENTIFIER
control field Ost
005 - DATE AND TIME OF LATEST TRANSACTION
control field 20260507075448.0
008 - FIXED-LENGTH DATA ELEMENTS--GENERAL INFORMATION
fixed length control field 260507s9999||||xx |||||||||||||| ||und||
040 ## - CATALOGING SOURCE
Transcribing agency fsecg
041 ## - LANGUAGE CODE
Language code of text/sound track or separate title ara
082 ## - DEWEY DECIMAL CLASSIFICATION NUMBER
Classification number 511.8
100 ## - MAIN ENTRY--PERSONAL NAME
Personal name الاشقر، احمد
Relator term مؤلف
245 #0 - TITLE STATEMENT
Title الرياضيات في الاقتصاد والتجارة والعلوم الادارية /
Statement of responsibility, etc. احمد الاشقر
250 ## - EDITION STATEMENT
Edition statement طبعة 1
260 ## - PUBLICATION, DISTRIBUTION, ETC.
Place of publication, distribution, etc. عمان:
Name of publisher, distributor, etc. الدار الثقافة,
Date of publication, distribution, etc. 2001
300 ## - PHYSICAL DESCRIPTION
Extent 297 صفحة؛
504 ## - BIBLIOGRAPHY, ETC. NOTE
Bibliography, etc. note بيبايوغرافيا ص.287
520 ## - SUMMARY, ETC.
Summary, etc. يبحث هذا الكتاب في حل المعادلات و المتراجحات و تطبيقاتها كما يتناول حل المعادلات و المتراجحات و المصفوفات و تطبيقاتها و البرمجة الخطية و المصفوفات و الأشعة و العمليات الجبرية على المصفوفات. و يدرس الباب الثاني من الكتاب الدالة في متحول واحد و تعيينها و نهايتها و استمرارها واشتقاقها، و الدالة في عدد من المتحولات و تعيين نهايتها العظمى و الصغرى و تطبيقاتها. ثم ينتقل إلى شرح التكامل و قواعده و تطبيقاته الاقتصادية، بالإضافة إلى المتواليات الحسابية و الفائدة بأنواعها. و يتميز الكتاب باستخدام الأساليب الرياضية، حيث يحتوي على مجموعة كبيرة من التطبيقات الرياضية و التمارين، و ذلك بأسلوب سهل خال من التعقيد و بلغة مبسطة يستطيع القراء بمختلف مستوياتهم فهمها و استيعابها
653 ## - INDEX TERM--UNCONTROLLED
Uncontrolled term الرياضيات
653 ## - INDEX TERM--UNCONTROLLED
Uncontrolled term المتتاليات الحسابية
653 ## - INDEX TERM--UNCONTROLLED
Uncontrolled term المتراجحات
653 ## - INDEX TERM--UNCONTROLLED
Uncontrolled term المصفوفات
942 ## - ADDED ENTRY ELEMENTS (KOHA)
Koha item type كتب
المقتنيات
Withdrawn status Lost status Source of classification or shelving scheme Damaged status Not for loan Home library Current library Date acquired Serial enumeration / chronology Inventory number Total checkouts Full call number Barcode Date last seen Price effective from Koha item type
    Dewey Decimal Classification   NOT LOAN / إعارة داخلية مكتبة كلية العلوم الإقتصادية والعلوم التجارية وعلوم التسيير مكتبة كلية العلوم الإقتصادية والعلوم التجارية وعلوم التسيير 07/05/2026 الطابق الأرضي 3979   أ/2836ن1 3979 07/05/2026 07/05/2026 كتب
    Dewey Decimal Classification   Available مكتبة كلية العلوم الإقتصادية والعلوم التجارية وعلوم التسيير مكتبة كلية العلوم الإقتصادية والعلوم التجارية وعلوم التسيير 07/05/2026 الطابق الأرضي 3980   أ/2836ن2 3980 07/05/2026 07/05/2026 كتب
    Dewey Decimal Classification   Available مكتبة كلية العلوم الإقتصادية والعلوم التجارية وعلوم التسيير مكتبة كلية العلوم الإقتصادية والعلوم التجارية وعلوم التسيير 07/05/2026 الطابق الأرضي 3981   أ/2836ن3 3981 07/05/2026 07/05/2026 كتب
    Dewey Decimal Classification   Available مكتبة كلية العلوم الإقتصادية والعلوم التجارية وعلوم التسيير مكتبة كلية العلوم الإقتصادية والعلوم التجارية وعلوم التسيير 07/05/2026 الطابق الثاني 3982   أ/2836ن4 3982 07/05/2026 07/05/2026 كتب
    Dewey Decimal Classification   Available مكتبة كلية العلوم الإقتصادية والعلوم التجارية وعلوم التسيير مكتبة كلية العلوم الإقتصادية والعلوم التجارية وعلوم التسيير 07/05/2026 الطابق الثاني 3983   أ/2836ن5 3983 07/05/2026 07/05/2026 كتب
    Dewey Decimal Classification   Available مكتبة كلية العلوم الإقتصادية والعلوم التجارية وعلوم التسيير مكتبة كلية العلوم الإقتصادية والعلوم التجارية وعلوم التسيير 07/05/2026 مكتبة بن عكنون 3984   أ/2836ن6 3984 07/05/2026 07/05/2026 كتب
    Dewey Decimal Classification   Available مكتبة كلية العلوم الإقتصادية والعلوم التجارية وعلوم التسيير مكتبة كلية العلوم الإقتصادية والعلوم التجارية وعلوم التسيير 07/05/2026 مكتبة بن عكنون 3985   أ/2836ن7 3985 07/05/2026 07/05/2026 كتب
    Dewey Decimal Classification   Available مكتبة كلية العلوم الإقتصادية والعلوم التجارية وعلوم التسيير مكتبة كلية العلوم الإقتصادية والعلوم التجارية وعلوم التسيير 07/05/2026 مكتبة بن عكنون 3986   أ/2836ن8 3986 07/05/2026 07/05/2026 كتب

موارد الويب المفتوحة


© University of Algiers 3 All Rights Reserved
|
Implemented by LECHELAH Riad